| 000 | 00607nam a2200193Ia 4500 | ||
|---|---|---|---|
| 005 | 20250508155506.0 | ||
| 008 | 008 250505s9999 xx 000 0 eng d | ||
| 037 | _aTextual | ||
| 040 |
_aFEDL _beng _cFEDL |
||
| 041 |
_aeng _2eng |
||
| 084 |
_a016.3, UNE _qFEDL |
||
| 245 | 0 | _aTheses de sciences sociales | |
| 245 | 0 | _cUnited Nations Educational Scientific Calture Origanization | |
| 260 |
_aParis, France _bUnited Nations Educational Scientific and Cultural Organization _c1952 |
||
| 300 | _a235p. | ||
| 650 | _aBibliography | ||
| 942 |
_cTEXL _h016.3, UNE |
||
| 999 |
_c1357266 _d1357266 |
||